[Event "Catalunya-ch Seniors"]
[Site "Malgrat del Mar"]
[Date "2023.05.15"]
[Round "2"]
[White "Dominguez Rueda, Juan"]
[Black "Asensio Linan, Teodoro"]
[Result "0-1"]
[WhiteElo "1982"]
[BlackElo "2085"]
[PlyCount "152"]
[EventDate "2023.05.14"]
[EventType "swiss"]
[EventRounds "8"]
[EventCountry "ESP"]
[SourceTitle "CBM 214 Extra"]
[Source "ChessBase"]
[SourceDate "2023.07.31"]
[SourceVersion "1"]
[SourceVersionDate "2023.07.31"]
[SourceQuality "1"]

1. e4 g6 2. d4 Nf6 3. e5 Nh5 4. f4 d5 5. Be2 c5 6. dxc5 Qa5+ 7. Nc3 e6 8. Bxh5 gxh5 9. Be3 Bxc5 10. Bxc5 Qxc5 11. Qd2 Nc6 12. 0-0-0 b5 13. Nf3 Bb7 14. Ng5 Rd8 15. Qe2 Nd4 16. Qxh5 Rd7 17. Rd2 b4 18. Ne2 Nxe2+ 19. Qxe2 Qa5 20. Kb1 Kd8 21. Nf3 Kc8 22. Nd4 Rc7 23. Qb5 Rc5 24. Qxa5 Rxa5 25. Rf1 Re8 26. Rf3 Rc5 27. Rg3 Kd8 28. Rg7 Ke7 29. Rxh7 Rg8 30. b3 a6 31. Rf2 Bc8 32. Re2 Bd7 33. f5 Rc3 34. f6+ Kf8 35. Rh3 Rxh3 36. gxh3 Rh8 37. Re3 Rh4 38. Ne2 Bb5 39. Ng1 d4 40. Re1 Rf4 41. Kc1 Rf2 42. Rd1 d3 43. cxd3 Rxa2 44. Nf3 Rf2 45. Nd4 Rxh2 46. Nxb5 axb5 47. d4 Rxh3 48. Kc2 Rc3+ 49. Kb2 Rh3 50. Rc1 Rh2+ 51. Kb1 Ke8 52. Rc8+ Kd7 53. Ra8 Kc6 54. Ra7 Rh7 55. Kc2 Kd5 56. Kd3 Rh3+ 57. Ke2 Kxd4 58. Rxf7 Kxe5 59. Rf8 Rxb3 60. Kd2 Rf3 61. f7 Kf6 62. Kc2 Ke7 63. Rb8 Kxf7 64. Rxb5 Rf4 65. Kb3 Kf6 66. Rb8 Kf5 67. Kc2 Rd4 68. Rh8 e5 69. Rh1 e4 70. Rh8 Kf4 71. Rh7 Kf3 72. Rh8 e3 73. Rh3+ Kf2 74. Rh2+ Kg3 75. Rh8 e2 76. Rg8+ Kf3 0-1

[Event "Barcelona Segura Memorial 2nd"]
[Site "Barcelona"]
[Date "2022.11.16"]
[Round "7"]
[White "Castillo Dalmau, Albert"]
[Black "Dominguez Rueda, Juan"]
[Result "1-0"]
[WhiteElo "2317"]
[BlackElo "1997"]
[PlyCount "85"]
[EventDate "2022.09.28"]
[EventType "swiss"]
[EventRounds "9"]
[EventCountry "ESP"]
[SourceTitle "EXT 2024"]
[Source "ChessBase"]
[SourceDate "2023.10.10"]
[SourceVersion "1"]
[SourceVersionDate "2023.10.10"]
[SourceQuality "1"]

1. c4 c5 2. g3 Nf6 3. Bg2 g6 4. Nc3 Bg7 5. e4 Nc6 6. Nge2 d6 7. 0-0 0-0 8. d3 Bd7 9. h3 Rb8 10. Be3 a6 11. a4 Qc8 12. Kh2 Ne5 13. Rc1 Qe8 14. Qd2 Nc6 15. Nd5 Nxd5 16. exd5 Nd4 17. Bxd4 cxd4 18. a5 h5 19. b4 h4 20. Qf4 hxg3+ 21. fxg3 b6 22. Nxd4 bxa5 23. bxa5 Rb2 24. Nf3 Bf6 25. d4 Kg7 26. g4 Kg8 27. c5 Qb8 28. c6 Bc8 29. Nd2 Qa7 30. Rc4 Ra2 31. Nb3 Qb8 32. Rc3 Qb4 33. Rff3 Ra3 34. Qe3 Qa4 35. g5 Bg7 36. Qxe7 Bf5 37. Qxd6 Rxb3 38. Rxb3 Qxd4 39. Qb4 Be5+ 40. Kh1 Qxd5 41. Rxf5 Qd1+ 42. Rf1 Qe2 43. Qe4 1-0

[Event "Barcelona Segura Memorial 2nd"]
[Site "Barcelona"]
[Date "2022.11.09"]
[Round "6"]
[White "Dominguez Rueda, Juan"]
[Black "Ruiz Mata, Oscar"]
[Result "1/2-1/2"]
[WhiteElo "1997"]
[BlackElo "2261"]
[PlyCount "96"]
[EventDate "2022.09.28"]
[EventType "swiss"]
[EventRounds "9"]
[EventCountry "ESP"]
[SourceTitle "EXT 2024"]
[Source "ChessBase"]
[SourceDate "2023.10.10"]
[SourceVersion "1"]
[SourceVersionDate "2023.10.10"]
[SourceQuality "1"]

1. e4 e5 2. Nf3 Nf6 3. Nc3 Nc6 4. Bb5 Bb4 5. d3 d6 6. h3 h6 7. 0-0 0-0 8. Ne2 a6 9. Bxc6 bxc6 10. Ng3 Bc5 11. Nh4 Nxe4 12. Nxe4 Qxh4 13. Nxc5 dxc5 14. Qf3 Bd7 15. Be3 c4 16. dxc4 Qxc4 17. Qg3 f5 18. Qxe5 f4 19. b3 Qf7 20. Bc5 Qf5 21. Rfe1 Qxe5 22. Rxe5 Rfe8 23. Rae1 Rxe5 24. Rxe5 Re8 25. Bd4 Rxe5 26. Bxe5 g5 27. f3 Bf5 28. c3 Bb1 29. a3 Ba2 30. b4 Bc4 31. h4 Kh7 32. hxg5 hxg5 33. g3 fxg3 34. Bxg3 Kg6 35. Kf2 c5 36. Bxc7 cxb4 37. axb4 Kf5 38. Ke3 Bd5 39. Bb8 Ke6 40. Bg3 Kf5 41. f4 gxf4+ 42. Bxf4 Bg2 43. Bh2 Ke6 44. Kd4 Kd7 45. Kc5 Kc8 46. b5 Kb7 47. Bg1 Bf1 48. Kd5 Bg2+ 1/2-1/2

[Event "Catalunya-ch U50"]
[Site "Santa Susanna"]
[Date "2022.05.21"]
[Round "7"]
[White "Leon Escoda, Manuel"]
[Black "Dominguez Rueda, Juan"]
[Result "0-1"]
[WhiteElo "1657"]
[BlackElo "1971"]
[PlyCount "44"]
[EventDate "2022.05.15"]
[EventType "swiss"]
[EventRounds "8"]
[EventCountry "CAT"]
[SourceTitle "EXT 2023"]
[Source "ChessBase"]
[SourceDate "2022.10.05"]
[SourceVersion "1"]
[SourceVersionDate "2022.10.05"]
[SourceQuality "1"]

1. e4 c5 2. Nf3 d6 3. Bb5+ Bd7 4. Bxd7+ Qxd7 5. 0-0 Nc6 6. c3 Nf6 7. Re1 e6 8. d4 cxd4 9. cxd4 d5 10. Nc3 dxe4 11. Nxe4 Nxe4 12. Rxe4 Be7 13. Bg5 Bxg5 14. Nxg5 h6 15. Nxe6 fxe6 16. d5 0-0-0 17. Rxe6 Qxe6 18. dxe6 Rxd1+ 19. Rxd1 Re8 20. Re1 Nd4 21. Rc1+ Kb8 22. f4 Ne2+ 0-1

[Event "Barcelona Tres Peons-A"]
[Site "Barcelona"]
[Date "2021.04.21"]
[Round "8"]
[White "Dominguez Rueda, Juan"]
[Black "Maqueda Berdugo, Francisco"]
[Result "1-0"]
[WhiteElo "1983"]
[BlackElo "1691"]
[PlyCount "69"]
[EventDate "2021.02.24"]
[EventType "tourn"]
[EventRounds "9"]
[EventCountry "ESP"]
[SourceTitle "EXT 2022"]
[Source "ChessBase"]
[SourceDate "2021.10.06"]
[SourceVersion "1"]
[SourceVersionDate "2021.10.06"]
[SourceQuality "1"]

1. e4 c5 2. Nf3 d6 3. d4 cxd4 4. Nxd4 Nf6 5. Nc3 g6 6. Bg5 Bg7 7. Qd2 0-0 8. Bh6 Qb6 9. Bxg7 Kxg7 10. 0-0-0 Nc6 11. f3 Qxd4 12. Qxd4 Nxd4 13. Rxd4 a6 14. g4 Be6 15. Be2 Rac8 16. h3 Rc5 17. f4 Rfc8 18. g5 Nh5 19. Bxh5 gxh5 20. f5 Bd7 21. f6+ Kf8 22. h4 Bg4 23. Rh2 Rc4 24. Rhd2 R8c6 25. Rxc4 Rxc4 26. e5 Rf4 27. fxe7+ Ke8 28. exd6 Rf1+ 29. Nd1 Kd7 30. c4 Be6 31. b3 Bg4 32. Kc2 Bf5+ 33. Kb2 Rh1 34. Nc3 Rxh4 35. Nd5 1-0

[Event "Barcelona Tres Peons op 22nd"]
[Site "Barcelona"]
[Date "2020.02.05"]
[Round "5"]
[White "Bieg Pagel, Clemens"]
[Black "Dominguez Rueda, Juan"]
[Result "0-1"]
[WhiteElo "1803"]
[BlackElo "1968"]
[PlyCount "54"]
[EventDate "2020.01.08"]
[EventType "swiss"]
[EventRounds "9"]
[EventCountry "ESP"]
[SourceTitle "CBM 195 Extra"]
[Source "ChessBase"]
[SourceDate "2020.05.31"]
[SourceVersion "1"]
[SourceVersionDate "2020.05.31"]
[SourceQuality "1"]

1. e4 c5 2. c3 Nf6 3. e5 Nd5 4. d4 cxd4 5. Nf3 d6 6. Bc4 e6 7. cxd4 Nc6 8. 0-0 Be7 9. Qe2 Nb6 10. Bb3 d5 11. a3 Bd7 12. Bc2 Rc8 13. b3 a6 14. Bd2 Nxe5 15. Nxe5 Rxc2 16. Qd3 Rc8 17. Nc3 Bc6 18. Rfe1 Nd7 19. Nxf7 Kxf7 20. Rxe6 Nf6 21. Rae1 Re8 22. Qf3 Kg8 23. Bg5 Ne4 24. Bxe7 Rxe7 25. Rxe7 Qxe7 26. Qg4 Re8 27. f3 Qf6 0-1

[Event "Barcelona Tey op-A 1st"]
[Site "Barcelona"]
[Date "2019.11.20"]
[Round "7.5"]
[White "Catarineu Morales, Alex"]
[Black "Dominguez Rueda, Juan"]
[Result "0-1"]
[WhiteElo "1940"]
[BlackElo "2007"]
[PlyCount "74"]
[EventDate "2019.10.09"]
[EventType "swiss"]
[EventRounds "9"]
[EventCountry "ESP"]
[SourceTitle "EXT 2024"]
[Source "ChessBase"]
[SourceDate "2023.10.10"]
[SourceVersion "1"]
[SourceVersionDate "2023.10.10"]
[SourceQuality "1"]

1. e4 c5 2. Nf3 d6 3. d4 cxd4 4. Nxd4 Nf6 5. Nc3 a6 6. h3 e6 7. g4 d5 8. e5 Nfd7 9. Qe2 Nc6 10. Nxc6 bxc6 11. h4 a5 12. f4 a4 13. a3 Nb6 14. Qf2 Qc7 15. Bd2 Ba6 16. Be3 c5 17. Bxa6 Rxa6 18. Qe2 Ra5 19. Bd2 Nc4 20. b3 axb3 21. cxb3 Nxd2 22. Kxd2 Be7 23. Nb5 Qb6 24. a4 0-0 25. Qe3 Qd8 26. Qc3 Ra8 27. g5 c4 28. b4 Qb6 29. Ke2 Ra6 30. Ra2 Qxb5 31. axb5 Rxa2+ 32. Kf1 Rfa8 33. Rg1 R8a3 34. Qd4 Rf3+ 35. Ke1 Bxb4+ 36. Kd1 Rd3+ 37. Qxd3 cxd3 0-1

[Event "Barcelona Tey op-A 1st"]
[Site "Barcelona"]
[Date "2019.11.13"]
[Round "6.1"]
[White "Dominguez Rueda, Juan"]
[Black "Munoz Pantoja, Miguel Angel"]
[Result "0-1"]
[WhiteElo "2007"]
[BlackElo "2512"]
[PlyCount "76"]
[EventDate "2019.10.09"]
[EventType "swiss"]
[EventRounds "9"]
[EventCountry "ESP"]
[SourceTitle "EXT 2024"]
[Source "ChessBase"]
[SourceDate "2023.10.10"]
[SourceVersion "1"]
[SourceVersionDate "2023.10.10"]
[SourceQuality "1"]

1. e4 d5 2. exd5 Qxd5 3. Nc3 Qa5 4. Nf3 Nf6 5. d4 Bg4 6. h3 Bxf3 7. Qxf3 c6 8. Bd2 Nbd7 9. 0-0-0 e6 10. Kb1 Bb4 11. a3 Be7 12. g4 Qb6 13. g5 Nd5 14. Nxd5 cxd5 15. Bf4 0-0 16. Bd3 Bxa3 17. Bxh7+ Kxh7 18. Qxa3 Qb5 19. h4 Rac8 20. h5 Qe2 21. Rc1 Qe4 22. Qd3 Qf5 23. Qxf5+ exf5 24. Rce1 Rfe8 25. f3 Nf8 26. Be5 Rc6 27. Reg1 Nd7 28. Bf4 Re2 29. c3 Rce6 30. Rg3 a5 31. h6 g6 32. Bc1 Nb6 33. Rhg1 Nc4 34. R3g2 a4 35. Rxe2 Rxe2 36. Rf1 Nd6 37. Ka2 Nb5 38. Rd1 Nxc3+ 0-1

[Event "Barcelona Tres Peons-A 21th"]
[Site "Barcelona"]
[Date "2019.02.06"]
[Round "5.4"]
[White "Dominguez Rueda, Juan"]
[Black "Vargas Drechsler, Carlos"]
[Result "1/2-1/2"]
[WhiteElo "2094"]
[BlackElo "1895"]
[PlyCount "50"]
[EventDate "2019.01.09"]
[EventType "swiss"]
[EventRounds "9"]
[EventCountry "ESP"]
[SourceTitle "EXT 2024"]
[Source "ChessBase"]
[SourceDate "2023.10.10"]
[SourceVersion "1"]
[SourceVersionDate "2023.10.10"]
[SourceQuality "1"]

1. e4 e5 2. Nf3 Nc6 3. Nc3 Nf6 4. d4 exd4 5. Nxd4 Bb4 6. Nxc6 bxc6 7. Bd3 d5 8. exd5 cxd5 9. 0-0 0-0 10. Bg5 Be6 11. Bxf6 Qxf6 12. Rb1 Rfd8 13. Nb5 Ba5 14. Nd4 Bb6 15. Ne2 c5 16. c3 Bg4 17. Qd2 Bxe2 18. Bxe2 d4 19. c4 Bc7 20. Qd3 Rab8 21. Bf3 Re8 22. Rfe1 Re5 23. Re4 Rbe8 24. Rbe1 g6 25. g3 a5 1/2-1/2

[Event "Barcelona Tres Peons-A 21th"]
[Site "Barcelona"]
[Date "2019.01.30"]
[Round "4.6"]
[White "Fabregas Fontanet, Antonio"]
[Black "Dominguez Rueda, Juan"]
[Result "0-1"]
[WhiteElo "1924"]
[BlackElo "2094"]
[PlyCount "102"]
[EventDate "2019.01.09"]
[EventType "swiss"]
[EventRounds "9"]
[EventCountry "ESP"]
[SourceTitle "EXT 2024"]
[Source "ChessBase"]
[SourceDate "2023.10.10"]
[SourceVersion "1"]
[SourceVersionDate "2023.10.10"]
[SourceQuality "1"]

1. e4 e5 2. Nf3 Nc6 3. Bb5 a6 4. Ba4 d6 5. c3 Bd7 6. 0-0 Nf6 7. Re1 b5 8. Bc2 g6 9. d4 Bg7 10. Nbd2 0-0 11. Nf1 Re8 12. Ng3 Bg4 13. Be3 h6 14. d5 Ne7 15. h3 Bd7 16. Qd2 Kh7 17. Rad1 Rf8 18. b3 Qc8 19. c4 bxc4 20. bxc4 a5 21. c5 Be8 22. Rc1 Qd8 23. Bd3 Nd7 24. c6 Nf6 25. Rb1 Nfg8 26. Qc2 Kh8 27. Bd2 Qc8 28. Rb5 f5 29. exf5 gxf5 30. Nh4 e4 31. Be2 Bf6 32. Bc3 Kh7 33. Bxf6 Nxf6 34. f3 Nfxd5 35. fxe4 Nb4 36. Rxb4 axb4 37. exf5 Ng8 38. Bh5 Nf6 39. Re7+ Kg8 40. Qe2 Bf7 41. Bg6 b3 42. axb3 Qa6 43. Qe3 Qa7 44. Qxa7 Rxa7 45. b4 Nd5 46. Re4 Ra4 47. Bxf7+ Kxf7 48. Ng6 Rg8 49. b5 Rxe4 50. Nxe4 Rb8 51. Kf2 Rxb5 0-1

[Event "ESP-ch Seniors 65+"]
[Site "Altea"]
[Date "2017.10.10"]
[Round "4"]
[White "Dominguez Rueda, Juan"]
[Black "Suba, Mihai"]
[Result "1/2-1/2"]
[WhiteElo "2135"]
[BlackElo "2315"]
[PlyCount "45"]
[EventDate "2017.10.07"]
[EventType "swiss"]
[EventRounds "9"]
[EventCountry "ESP"]
[SourceTitle "CBM 181 Extra"]
[Source "ChessBase"]
[SourceDate "2017.12.12"]
[SourceVersion "1"]
[SourceVersionDate "2017.12.12"]
[SourceQuality "1"]

1. e4 Nf6 2. e5 Nd5 3. c4 Nb6 4. d4 d6 5. exd6 exd6 6. Nf3 Be7 7. Be3 Bg4 8. Be2 0-0 9. Nbd2 Re8 10. 0-0 Bf6 11. Re1 Nc6 12. Rc1 a5 13. h3 Bxf3 14. Nxf3 Qd7 15. Qd2 Ne7 16. Bg5 Bxg5 17. Qxg5 h6 18. Qd2 Qf5 19. Bd3 Qf6 20. Re4 Nc6 21. Rf4 Qd8 22. Rg4 Qf6 23. Rf4 1/2-1/2

[Event "Catalunya-ch Seniors"]
[Site "Vila Seca"]
[Date "2017.05.28"]
[Round "9"]
[White "Bautista Sanchez, Joan"]
[Black "Dominguez Rueda, Juan"]
[Result "1-0"]
[WhiteElo "2127"]
[BlackElo "2092"]
[PlyCount "84"]
[EventDate "2017.05.20"]
[EventType "swiss"]
[EventRounds "9"]
[EventCountry "ESP"]
[SourceTitle "CBM 178 Extra"]
[Source "ChessBase"]
[SourceDate "2017.06.22"]
[SourceVersion "1"]
[SourceVersionDate "2017.06.22"]
[SourceQuality "1"]

1. Nf3 d6 2. c4 e5 3. Nc3 Nf6 4. g3 g6 5. Bg2 Bg7 6. d3 0-0 7. 0-0 Nbd7 8. Rb1 a5 9. a3 Re8 10. Nd2 Nh5 11. b4 axb4 12. axb4 f5 13. Qb3 Kh8 14. Nf3 h6 15. Nh4 Nf8 16. b5 Kh7 17. Qc2 Ne6 18. Bb2 Nd4 19. Qd1 Nf4 20. Nxf5 Nxf5 21. gxf4 Nh4 22. Ne4 exf4 23. Bxg7 Kxg7 24. Ra1 Rxa1 25. Qxa1+ Re5 26. f3 Nf5 27. Kh1 Kf7 28. c5 Ng3+ 29. Nxg3 fxg3 30. hxg3 Rxc5 31. Qd4 Qf6 32. Qxf6+ Kxf6 33. Rb1 b6 34. d4 Rc4 35. e3 Bd7 36. Kg1 Ke7 37. Rb2 h5 38. f4 Ra4 39. Be4 Be8 40. Kf2 Ra5 41. Bd3 Ra1 42. Be4 Rh1 1-0

[Event "Catalunya-ch Seniors"]
[Site "Vila Seca"]
[Date "2017.05.26"]
[Round "7"]
[White "Lazaro Porta, Angel"]
[Black "Dominguez Rueda, Juan"]
[Result "1/2-1/2"]
[WhiteElo "1909"]
[BlackElo "2092"]
[PlyCount "47"]
[EventDate "2017.05.20"]
[EventType "swiss"]
[EventRounds "9"]
[EventCountry "ESP"]
[SourceTitle "CBM 178 Extra"]
[Source "ChessBase"]
[SourceDate "2017.06.22"]
[SourceVersion "1"]
[SourceVersionDate "2017.06.22"]
[SourceQuality "1"]

1. Nf3 d6 2. c4 e5 3. Nc3 Nf6 4. g3 g6 5. Bg2 Bg7 6. 0-0 0-0 7. d3 Nbd7 8. Bd2 Re8 9. Rb1 Nf8 10. Ng5 Rb8 11. b4 Ne6 12. Nxe6 Bxe6 13. Qc1 Qd7 14. Re1 c6 15. a4 d5 16. c5 Nh5 17. b5 Nf6 18. Bh6 Qe7 19. Bxg7 Kxg7 20. Na2 Nd7 21. bxc6 bxc6 22. Nb4 Rec8 23. Na6 Rxb1 24. Qxb1 1/2-1/2